Fenomenología de lo inaparente /
Estudio que propone una fenomenología de raíces husserlianas, profundiza en el concepto de intencionalidad y formula los lineamientos de lo lo que denomina una fenomenología de lo inaparente, un enfoque que explora las fronteras de la fenomenología y analiza lo que ha sido visto como un campo fuera...
Αποθηκεύτηκε σε:
| Κύριος συγγραφέας: | |
|---|---|
| Άλλοι συγγραφείς: | |
| Μορφή: | Βιβλίο |
| Γλώσσα: | Ισπανικά |
| Έκδοση: |
Buenos Aires, Argentina :
Prometeo Libros,
2021, c2021
|
| Θέματα: | |
| Διαθέσιμο Online: | Ver documento en línea |
| Ετικέτες: |
MARC
| LEADER | 00000nam^a2200000^a^4500 | ||
|---|---|---|---|
| 001 | 000590473 | ||
| 005 | 20251023000000.0 | ||
| 009 | 20260310132909.499 | ||
| 020 | |a 9789878160580 | ||
| 037 | |a Acervo ITESO - Biblioteca | ||
| 041 | |a ESP | ||
| 082 | |a 142. 7 |b INV | ||
| 100 | |a Inverso, Hernán |e (autor) | ||
| 245 | 1 | 0 | |a Fenomenología de lo inaparente / |c H. Inverso ; presen. de R. Walton. |
| 264 | 4 | |a Buenos Aires, Argentina : |b Prometeo Libros, |c 2021, c2021 | |
| 264 | 2 | |a Cartagena, España : |b Odilo [distribución], |c 2024 | |
| 300 | |a 1 libro electrónico en línea (1 v. sin paginación) | ||
| 300 | |a 1 recurso en línea | ||
| 336 | |a datos para computadora |b cod |2 rdacontenido | ||
| 337 | |a computadora |b c |2 rdamedio | ||
| 338 | |a recurso en línea |b cr |2 rdasoporte | ||
| 506 | 1 | |a 1 licencia | |
| 520 | |a Estudio que propone una fenomenología de raíces husserlianas, profundiza en el concepto de intencionalidad y formula los lineamientos de lo lo que denomina una fenomenología de lo inaparente, un enfoque que explora las fronteras de la fenomenología y analiza lo que ha sido visto como un campo fuera de la mirada de esta disciplina, para reconducir hacia dentro tales aspectos y posibilidades. Para afianzar su propuesta, el autor recorre las teorías fenomenológicas de Martin Heidegger, Michel Henry y Jean-Luc Marion. | ||
| 521 | |a Odilo 2024 EEnlace Departamento de Filosofía y Humanidades | ||
| 530 | |a Existe una edición en formato impreso con el mismo título | ||
| 649 | |a XX | ||
| 650 | |a Intencionalidad - |x Filosofía | ||
| 650 | |a Fenomenología - |x Historia y Crítica - |x Tema Principal | ||
| 650 | |a Fenomenología - |x Tema Principal | ||
| 650 | |a Filosofía Griega - |x Historia y Crítica | ||
| 650 | |a Filosofía Medieval - |x Historia y Crítica | ||
| 650 | |a Filosofía Moderna - |x Historia y Crítica | ||
| 650 | |a Filosofía del Siglo XX - |x Historia y Crítica | ||
| 650 | |a Filosofía del Siglo XXI | ||
| 650 | |a Filosofía | ||
| 650 | |a Husserl, Edmund | ||
| 650 | |a Heidegger, Martin | ||
| 650 | |a Marion, Jean-Luc | ||
| 650 | |a Henry, Michel | ||
| 700 | |a Walton, Roberto |e (presentación) | ||
| 856 | 4 | 0 | |u https://iteso-odilotk-es.ezproxy.iteso.mx/info/03899203 |y Ver documento en línea |
| 910 | |a Fondo General | ||
| 920 | |a Electrónicos - Libros en Línea | ||
| 930 | |a Plataforma Digital | ||
| 905 | |a 205 | ||
| 901 | |a 590473-1 |b IT2 |c EBO |i C |u 20250521 | ||
| 902 | |a https://opac.biblio.iteso.mx/vufind/Record/000590473 | ||